{"text_format":"3","workbook":"xlsx","n_sheets":2,"sheets":["杂货类","Sheet1"],"not_rendered":{"defined_names":1},"read":"whole","date_system":"1900"}

{"sheet":"杂货类","index":0,"n_rows":29,"n_cols":11,"rows_kept":29,"merged":[[0,0,1,10],[27,0,27,2],[27,3,27,10],[28,0,29,10]]}
["各项目零星物资集中采购清单（杂货类）"]
[]
["序号","材料名称","型号","单位","数量","材料\n不含税单价","数量","材料\n不含税单价","不含税\n金额","不含税\n金额","备注"]
[1,"土工布","200g/㎡","㎡",267,3,{"$f":"E4*9","v":2403},{"v":3,"d":"3.00"},801,{"$f":"G4*H4","v":{"v":7209,"d":"7209.00"}}]
[2,"薄膜","2mX100m","卷",7,120,{"$f":"E5*9","v":63},{"v":126,"d":"126.00"},882,{"$f":"G5*H5","v":{"v":7938,"d":"7938.00"}}]
[3,"除锈剂","450mL","瓶",53,15,477,{"v":16,"d":"16.00"},848,{"v":7632,"d":"7632.00"}]
[4,"弹力柱","PU-70cm","根",129,6.2,1161,{"v":7,"d":"7.00"},903,{"v":8127,"d":"8127.00"}]
[5,"灯带","10W","米",160,5,1440,{"v":5,"d":"5.00"},800,{"v":7200,"d":"7200.00"}]
[6,"电工胶布","20m","圈",400,2,3600,{"v":2,"d":"2.00"},800,{"v":7200,"d":"7200.00"}]
[7,"盖土网","1.5针 8米X20米","卷",67,12,603,{"v":13,"d":"13.00"},871,{"v":7839,"d":"7839.00"}]
[8,"盖土网","1.5针 8米X14米","卷",80,10,720,{"v":11,"d":"11.00"},880,{"v":7920,"d":"7920.00"}]
[9,"盖土网","2针  8米X20米","卷",53,15,477,{"v":16,"d":"16.00"},848,{"v":7632,"d":"7632.00"}]
[10,"滚尺","150m","套",5,160,45,{"v":168,"d":"168.00"},840,{"v":7560,"d":"7560.00"}]
[11,"挤塑板"," 3cm厚1.2米*0.6米","m³",10,82,90,{"v":86,"d":"86.00"},860,{"v":7740,"d":"7740.00"}]
[12,"挤塑板"," 5cm厚1.2米*0.6米","m³",9,90,81,{"v":95,"d":"95.00"},855,{"v":7695,"d":"7695.00"}]
[13,"胶粉","50斤","包",1,800,9,{"v":840,"d":"840.00"},840,{"v":7560,"d":"7560.00"}]
[14,"胶手套",null,"双",42,35,378,{"v":20,"d":"20.00"},840,{"v":7560,"d":"7560.00"}]
[15,"临边防护栏杆","网格 1.2m*2m","m",67,12,603,{"v":13,"d":"13.00"},871,{"v":7839,"d":"7839.00"}]
[16,"漏电","63A","个",23,35,207,{"v":37,"d":"37.00"},851,{"v":7659,"d":"7659.00"}]
[17,"漏电断路器","2P/63A","个",23,35,207,{"v":37,"d":"37.00"},851,{"v":7659,"d":"7659.00"}]
[18,"密目安全网","L-4*6","张",50,16,450,{"v":17,"d":"17.00"},850,{"v":7650,"d":"7650.00"}]
[19,"灭火器","手提式 6公斤","组",11,70,99,{"v":74,"d":"74.00"},814,{"v":7326,"d":"7326.00"}]
[20,"泡沫填缝剂","900g","瓶",67,12,603,{"v":13,"d":"13.00"},871,{"v":7839,"d":"7839.00"}]
[21,"强光电筒","40w","把",13,60,117,{"v":63,"d":"63.00"},819,{"v":7371,"d":"7371.00"}]
[22,"三眼水马","三孔水马680（700）*1170mm","个",12,65,108,{"v":68,"d":"68.00"},816,{"v":7344,"d":"7344.00"}]
[23,"生料带","15m*12mm","卷",400,2,3600,{"v":2,"d":"2.00"},800,{"v":7200,"d":"7200.00"}]
[24,"阳角线","PVC 2公分","米",3000,0.8,27000,{"v":0.3,"d":"0.30"},900,{"v":8100,"d":"8100.00"}]
["合计",null,null,{"$f":"SUM(J4:J27)","v":{"v":182799,"d":"182799.00"}}]
["注明：1、综合单价包含材料费、上下车费、运输费等。\n2、付款方式：月结。\n3、质量要求：满足现场及设计要求。\n4、采购数量按项目实际需求结算。"]

{"sheet":"Sheet1","index":1,"n_rows":0,"n_cols":0,"rows_kept":0}